[Event "Untergrombach op 32nd"]
[Site "Untergrombach"]
[Date "2015.01.05"]
[Round "4"]
[White "Schmitt, Roland"]
[Black "Pfrommer, Christoph"]
[Result "0-1"]
[WhiteElo "1865"]
[BlackElo "2296"]
[PlyCount "64"]
[EventDate "2015.01.02"]
[EventType "swiss"]
[EventRounds "7"]
[EventCountry "GER"]
[SourceTitle "CBM 164 Extra"]
[Source "ChessBase"]
[SourceDate "2015.03.02"]
[SourceVersion "1"]
[SourceVersionDate "2015.03.02"]
[SourceQuality "1"]

1. d4 d5 2. c4 e6 3. Nf3 Nf6 4. Nc3 Bb4 5. Bg5 h6 6. Bxf6 Qxf6 7. e3 0-0 8. Qb3 Bxc3+ 9. bxc3 Rd8 10. 0-0-0 Nc6 11. cxd5 exd5 12. Bd3 Na5 13. Qb4 b6 14. Rd2 Bf5 15. Bxf5 Qxf5 16. Qb1 Qe6 17. Ne5 c5 18. h4 Rac8 19. Rh3 Nc6 20. f4 cxd4 21. exd4 Re8 22. Rg3 Ne7 23. Kb2 Nf5 24. Rf3 f6 25. Rdf2 fxe5 26. fxe5 Nxh4 27. Rh3 Qg4 28. Qd3 Rf8 29. Re2 Nxg2 30. Rg3 Nf4 31. Rxg4 Nxd3+ 32. Kb3 Nc1+ 0-1

[Event "Oberliga Baden 1415"]
[Site "Baden"]
[Date "2014.10.19"]
[Round "2.1"]
[White "Kaczmarczyk, Dennis"]
[Black "Pfrommer, Christoph"]
[Result "0-1"]
[WhiteElo "2407"]
[BlackElo "2342"]
[PlyCount "82"]
[EventDate "2014.09.21"]
[EventType "team-tourn"]
[EventRounds "9"]
[EventCountry "GER"]
[SourceTitle "EXT 2016"]
[Source "ChessBase"]
[SourceDate "2015.10.08"]
[SourceVersion "1"]
[SourceVersionDate "2015.10.08"]
[SourceQuality "1"]
[WhiteTeam "Waldshut Tiengen"]
[BlackTeam "Karlsruhe"]
[WhiteTeamCountry "GER"]
[BlackTeamCountry "GER"]

1. d4 d5 2. c4 e6 3. Nc3 Bb4 4. e3 c5 5. Nf3 Nf6 6. Bd3 0-0 7. 0-0 Nc6 8. a3 Bxc3 9. bxc3 Qc7 10. Qe2 dxc4 11. Bxc4 e5 12. d5 e4 13. dxc6 Bg4 14. cxb7 Qxb7 15. Qb2 Qxb2 16. Bxb2 exf3 17. h3 Bh5 18. a4 Rab8 19. Ba3 Ne4 20. Rfc1 Rfd8 21. Ra2 fxg2 22. Kxg2 Nd2 23. Bb5 Rb6 24. Rxd2 Rxd2 25. Bxc5 Rf6 26. e4 a6 27. Be3 Rg6+ 28. Kf1 Rd1+ 29. Rxd1 Bxd1 30. Bd3 Bxa4 31. e5 Rc6 32. c4 Bb3 33. c5 a5 34. Bb5 Rc8 35. Ke1 a4 36. Kd2 a3 37. Kc1 Rb8 38. Bd7 Be6 39. c6 a2 40. Bd4 Rb1+ 41. Kc2 a1Q 0-1